Learning Resource and Development

Software architecture with C# and .Net 6 : (Record no. 30293)

MARC details
000 -LEADER
fixed length control field 05025nam a2200361 i 4500
003 - CONTROL NUMBER IDENTIFIER
control field CSPC
005 - DATE AND TIME OF LATEST TRANSACTION
control field 20250908162758.0
008 - FIXED-LENGTH DATA ELEMENTS--GENERAL INFORMATION
fixed length control field 250903s2022 -uk 001 0 eng d
020 ## - INTERNATIONAL STANDARD BOOK NUMBER
International Standard Book Number 9781803235257
040 ## - CATALOGING SOURCE
Original cataloging agency CSPC
Language of cataloging eng
Transcribing agency CSPC
Description conventions rda
050 04 - LIBRARY OF CONGRESS CALL NUMBER
Classification number QA76.73.C154
Item number B37 2022
082 04 - DEWEY DECIMAL CLASSIFICATION NUMBER
Edition number 23
Classification number 005.13
Item number B229s
100 1# - MAIN ENTRY--PERSONAL NAME
Personal name Baptista, Gabriel,
Relator term author.
245 10 - TITLE STATEMENT
Title Software architecture with C# and .Net 6 :
Remainder of title develop software solutions using microservices, DevOps, EF core, and design patterns for azure /
Statement of responsibility, etc. Gabriel Basptista and Francesco Abbruzzese.
250 ## - EDITION STATEMENT
Edition statement Third edition.
264 #1 - PRODUCTION, PUBLICATION, DISTRIBUTION, MANUFACTURE, AND COPYRIGHT NOTICE
Place of production, publication, distribution, manufacture Birmingham, UK :
Name of producer, publisher, distributor, manufacturer Packt Publishing,
Date of production, publication, distribution, manufacture, or copyright notice 2022.
300 ## - PHYSICAL DESCRIPTION
Extent xxvi, 687 pages ;
Dimensions 24 cm.
336 ## - CONTENT TYPE
Source rdacontent
Content type term text
337 ## - MEDIA TYPE
Source rdamedia
Media type term unmediated
338 ## - CARRIER TYPE
Source rdacarrier
Carrier type term volume
490 0# - SERIES STATEMENT
Series statement Expert insight
500 ## - GENERAL NOTE
General note Includes index.
505 0# - FORMATTED CONTENTS NOTE
Formatted contents note Understanding the importance of software architecture -- Non-functional requirements -- Documenting requirements with Azure DevOps -- Deciding on the best cloud-based solution -- Applying a microservice architecture to your enterprise application -- Azure kubernetes service -- Interacting with Data in C# - entity framework core -- How to choose your data storage in the cloud -- Working with Azure functions -- Design patters and .NET 6 implementation -- Understanding the different domains in software solutions -- Implementing code reusability in C# 10 -- Applying service-oriented architectures with .NET -- Implementing microservices with .NET -- Presenting ASP.NET core MVC -- Implementing frontend microservices with ASP.NET core -- Blazor WebAssembly -- Native versus web clients -- Artificial intelligence and machine learning -- Best practices in coding C# 10 -- Understanding DevOps principles -- Challenges of applying CI & CD scenarios -- Testing your enterprise application.
520 ## - SUMMARY, ETC.
Summary, etc. "Design scalable and high-performance enterprise applications using the latest features of C# 10 and .NET 6 Key Features Gain comprehensive software architecture knowledge and the skillset to create fully modular apps Solve scalability problems in web apps using enterprise architecture patterns Master new developments in front-end architecture and the application of AI for software architects Book Description Software architecture is the practice of implementing structures and systems that streamline the software development process and improve the quality of an app. This fully revised and expanded third edition, featuring the latest features of .NET 6 and C# 10, enables you to acquire the key skills, knowledge, and best practices required to become an effective software architect. Software Architecture with C# 10 and .NET 6, Third Edition features new chapters that describe the importance of the software architect, microservices with ASP.NET Core, and analyzing the architectural aspects of the front-end in the applications, including the new approach of .NET MAUI. It also includes a new chapter focused on providing a short introduction to artificial intelligence and machine learning using ML.NET, and updated chapters on Azure Kubernetes Service, EF Core, and Blazor. You will begin by understanding how to transform user requirements into architectural needs and exploring the differences between functional and non-functional requirements. Next, you will explore how to choose a cloud solution for your infrastructure, taking into account the factors that will help you manage a cloud-based app successfully. Finally, you will analyze and implement software design patterns that will allow you to solve common development problems. By the end of this book, you will be able to build and deliver highly scalable enterprise-ready apps that meet your business requirements. What you will learn Use proven techniques to overcome real-world architectural challenges Apply architectural approaches such as layered architecture Leverage tools such as containers to manage microservices effectively Get up to speed with Azure features for delivering global solutions Program and maintain Azure Functions using C# 10 Understand when it is best to use test-driven development (TDD) Implement microservices with ASP.NET Core in modern architectures Enrich your application with Artificial Intelligence Get the best of DevOps principles to enable CI/CD environments Who this book is for This book is for engineers and senior software developers aspiring to become architects or looking to build enterprise applications with the .NET Stack. Basic familiarity with C# and .NET is required to get the most out of this book."
650 #0 - SUBJECT ADDED ENTRY--TOPICAL TERM
Topical term or geographic name entry element Microsoft .NET framework.
650 #0 - SUBJECT ADDED ENTRY--TOPICAL TERM
Topical term or geographic name entry element C (Computer program language).
650 #0 - SUBJECT ADDED ENTRY--TOPICAL TERM
Topical term or geographic name entry element Software architecture.
650 #0 - SUBJECT ADDED ENTRY--TOPICAL TERM
Topical term or geographic name entry element Application software
General subdivision Development.
650 #0 - SUBJECT ADDED ENTRY--TOPICAL TERM
Topical term or geographic name entry element Cloud computing.
700 1# - ADDED ENTRY--PERSONAL NAME
Personal name Abbruzzese, Francesco,
Relator term author.
942 ## - ADDED ENTRY ELEMENTS (KOHA)
Source of classification or shelving scheme Dewey Decimal Classification
Suppress in OPAC No
Koha item type Books
Edition 23
Classification part 005.13
Item part B229s
Call number prefix GRD
Call number suffix 2022
Holdings
Withdrawn status Lost status Source of classification or shelving scheme Damaged status Not for loan Home library Current library Shelving location Date acquired Total Checkouts Full call number Barcode Date last seen Copy number Price effective from Koha item type
    Dewey Decimal Classification     Main Library Main Library Graduate School Library 09/03/2025   GRD 005.13 B229s 2022 030205 09/03/2025 1-2 09/03/2025 Books
    Dewey Decimal Classification     Main Library Main Library Graduate School Library 09/03/2025   GRD 005.13 B229s 2022 030206 09/03/2025 2-2 09/03/2025 Books